000 00603nam a2200229Ia 4500
003 OSt
005 20221007081955.0
006 a|||||r|||| 00| 0
007 ta
008 221006b |||||||| |||| 00| 0 eng d
024 _a10,136
037 _cTextual
040 _aFLL
_cFLL
_beng
041 _2eng
_aeng
082 _aR4,33:AZ1, N9
100 _aGardam Judith Ed.
_9698409
245 0 _aHumanitarian law
260 _aSydney
_bAshgate dartmouth Sydney
_c1999
300 _a570p
_ccm.
942 _hR4,33:AZ1, N9
_cTEXL
_2CC
999 _c1164903
_d1164903